|
|
|
|
| LEADER |
00000nab a2200000 a 4500 |
| 001 |
vtls009173975 |
| 003 |
SK-MaSNL |
| 005 |
20260304152446.0 |
| 008 |
250506c1949 xo |r|p||||||||00 b|slo |
| 015 |
|
|
|a SNBRB2008/01
|2 snkbucl
|
| 035 |
|
|
|a (uuid)7c10256f-a214-4a93-849c-50fe48a0574b
|
| 035 |
|
|
|a urn:nbn:sk:snk-ab1dsm
|
| 035 |
|
|
|a (urnnbn)urn:nbn:sk:snk:ar-002ts5
|
| 038 |
|
|
|a SNKBUCL
|
| 040 |
|
|
|a SNKBUCL
|b slo
|c SNKBUCL
|e AACR2
|
| 041 |
0 |
|
|a slo
|
| 044 |
|
|
|a xo
|c SK
|
| 080 |
|
|
|a 811.162.4'04
|2 2001
|
| 080 |
|
|
|a 811.16'04
|2 2001
|
| 100 |
1 |
|
|a Stanislav, Ján,
|d 1904-1977
|4 aut
|9 107141
|
| 245 |
1 |
0 |
|a Juhoslavizmy v strednej slovenčine a pôvod slovenského národa
|c Ján Stanislav
|
| 650 |
0 |
7 |
|a Slováci
|x pôvod
|2 snkbucl
|9 1474780
|
| 650 |
0 |
7 |
|a slovenčina
|2 snkbucl
|9 1350
|
| 650 |
0 |
7 |
|a juhoslavizmy
|2 snkbucl
|9 1357113
|
| 773 |
0 |
|
|t Slovenská reč
|g Roč. XV, č. 2 (1949/1950), s. 37-45
|
| 850 |
|
|
|a Slovenská národná knižnica
|
| 852 |
|
|
|a Slovenská národná knižnica
|
| 954 |
|
|
|a odborná, vedecká literatúra pôvodná (slovenská)
|2 lita
|
| 958 |
|
|
|a article27
|
| 958 |
|
|
|a OND
|
| 958 |
|
|
|a EUIPO
|
| 999 |
|
|
|c 2949113
|d 2951043
|